[Event "11th Vellmar Open 2019"]
[Site "Vellmar GER"]
[Date "2019.07.05"]
[Round "2.12"]
[White "Lehmann,Tim"]
[Black "Engel,Robert"]
[Result "0-1"]
[WhiteElo "1967"]
[BlackElo "2054"]
[WhiteFideId "12979171"]
[BlackFideId "12974684"]
[EventDate "2019.07.04"]

1. d4 Nf6 2. Bf4 d5 3. e3 c5 4. c3 e6 5. Nd2 Bd6 6. Bg3 O-O 7. Ngf3 Qc7 8. Ne5
Nfd7 9. Nxd7 Nxd7 10. Bxd6 Qxd6 11. f4 f6 12. Bd3 e5 13. O-O e4 14. Be2 f5 15.
a3 c4 16. b3 cxb3 17. Qxb3 Nf6 18. c4 b6 19. cxd5 Bb7 20. Rab1 Bxd5 21. Bc4 Rfc8
22. Rfc1 Bxc4 23. Nxc4 Qd5 24. Qa4 Rc7 25. Rb5 Qc6 26. Qb3 Kh8 27. a4 Rac8 28.
Rc2 Qe6 29. Re5 Qg8 30. d5 Nxd5 31. Nd6 Rxc2 32. Nxc8 Nxe3 33. Nd6 Rc1+ 34. Kf2
Ng4+ 35. Ke2 Nxe5 36. Qb2 Nd3 0-1

[Event "11th Vellmar Open 2019"]
[Site "Vellmar GER"]
[Date "2019.07.05"]
[Round "2.13"]
[White "Rempel,P"]
[Black "Ahlers,Knut"]
[Result "1-0"]
[WhiteElo "2119"]
[BlackElo "1854"]
[WhiteFideId "4657632"]
[BlackFideId "16203534"]
[EventDate "2019.07.04"]

1. d4 Nf6 2. c4 g6 3. Nc3 Bg7 4. e4 d6 5. h3 O-O 6. Be3 e5 7. d5 a5 8. g4 Na6 9.
Nge2 Nd7 10. Ng3 Ndc5 11. Qd2 f5 12. gxf5 gxf5 13. exf5 Bxf5 14. Nxf5 Rxf5 15.
Be2 Kh8 16. h4 Qe8 17. h5 Rf8 18. O-O-O e4 19. Rdg1 Bf6 20. Rg4 Na4 21. Rxe4
Nxc3 22. Rxe8 Nxe2+ 23. Qxe2 Raxe8 24. Qg4 Nb4 25. Bd4 Nd3+ 26. Kb1 Be5 27. h6
Rg8 28. Bxe5+ Nxe5 29. Qd4 Rg4 30. f4 Rf8 31. Rf1 Kg8 32. c5 Nf7 33. cxd6 cxd6
34. Qb6 Nxh6 35. Qxd6 Rg6 36. Qc5 Nf5 37. Rg1 Rf6 38. Rxg6+ hxg6 39. Qxa5 Nd4
40. Qd8+ Rf8 41. Qb6 Nf5 42. Qxg6+ 1-0

[Event "11th Vellmar Open 2019"]
[Site "Vellmar GER"]
[Date "2019.07.05"]
[Round "2.14"]
[White "Heinelt,M"]
[Black "Wiegand,C"]
[Result "1-0"]
[WhiteElo "2101"]
[BlackElo "1975"]
[WhiteFideId "4656695"]
[BlackFideId "4675231"]
[EventDate "2019.07.04"]

1. d4 Nf6 2. c4 c5 3. d5 b5 4. cxb5 a6 5. Nc3 axb5 6. e4 b4 7. Nb5 d6 8. Bf4 g5
9. Bxg5 Nxe4 10. Bf4 Nf6 11. Qe2 Ra6 12. Rd1 Bg7 13. g3 O-O 14. a3 bxa3 15. bxa3
Bd7 16. Nf3 Bxb5 17. Qxb5 Rxa3 18. Be2 Ne4 19. Bd2 Nc3 20. Bxc3 Bxc3+ 21. Kf1
Nd7 22. Nh4 Ne5 23. Nf5 Ng6 24. h4 Qa5 25. h5 Qxb5 26. Bxb5 Ne5 27. Nxe7+ Kh8
28. Nf5 Rd8 29. Be2 f6 30. Rh4 Nf7 31. Re4 Be5 32. f4 Bb2 33. Re7 Kg8 34. Bb5
Kf8 35. Rde1 Ra1 36. Rxa1 Bxa1 37. Ra7 Bb2 38. Bd7 c4 39. Be6 Kg8 40. Rxf7 Kh8
41. Rc7 c3 42. Ke2 1-0

[Event "11th Vellmar Open 2019"]
[Site "Vellmar GER"]
[Date "2019.07.05"]
[Round "2.15"]
[White "Hilgert,V"]
[Black "Weiss,J"]
[Result "1/2-1/2"]
[WhiteElo "1870"]
[BlackElo "2097"]
[WhiteFideId "24628484"]
[BlackFideId "24677663"]
[EventDate "2019.07.04"]

1. d4 Nf6 2. c4 g6 3. Nc3 d5 4. cxd5 Nxd5 5. e4 Nxc3 6. bxc3 Bg7 7. Bc4 c5 8.
Be3 Qa5 9. Qd2 O-O 10. Ne2 cxd4 11. cxd4 Nc6 12. Rd1 Qxd2+ 13. Rxd2 e6 14. O-O
Na5 15. Bd3 Bd7 16. Rc1 Rfc8 17. Rdc2 Bf8 18. Rxc8 Rxc8 19. Rxc8 Bxc8 20. Bd2
Nc6 21. Kf1 b6 22. f3 Ba3 23. Bc3 Nb4 24. Bb1 Ba6 25. Ke1 Bc4 26. Bxb4 Bxb4+ 27.
Kd1 Kf8 28. e5 Ke7 29. a4 Kd7 30. Bc2 Kc6 31. Be4+ Bd5 32. Kc2 a6 33. Kd3 Bxe4+
34. fxe4 Bf8 35. Nc3 b5 36. axb5+ axb5 37. Na2 Kb6 38. Kc3 Ka5 39. Kb3 Be7 40.
Nc3 Bg5 41. Ne2 Be3 42. g4 Bf2 43. d5 Kb6 44. dxe6 fxe6 45. Nf4 Bd4 46. Nxe6
Bxe5 47. Nf8 Bxh2 48. Nxh7 Kc5 49. Nf8 Kd4 1/2-1/2

[Event "11th Vellmar Open 2019"]
[Site "Vellmar GER"]
[Date "2019.07.05"]
[Round "2.16"]
[White "Gerlach,Felix Tobias"]
[Black "Heckmann,Torsten"]
[Result "1-0"]
[WhiteElo "2097"]
[BlackElo "1862"]
[WhiteFideId "12957690"]
[BlackFideId "24653896"]
[EventDate "2019.07.04"]

1. e4 c5 2. Nf3 Nc6 3. d4 cxd4 4. Nxd4 Nf6 5. Nc3 e5 6. Ndb5 d6 7. Bg5 a6 8. Na3
Be7 9. Nc4 Nd4 10. Bxf6 gxf6 11. Nd5 b5 12. Nce3 f5 13. c3 f4 14. Nxe7 fxe3 15.
Nxc8 exf2+ 16. Kxf2 Rxc8 17. cxd4 Qh4+ 18. Kg1 Qxe4 19. Qd3 Qc6 20. Re1 O-O 21.
Qf5 Qb6 22. Qg5+ Kh8 23. Qf6+ Kg8 24. Re4 Rfe8 25. h4 Re6 26. Rg4+ 1-0

[Event "11th Vellmar Open 2019"]
[Site "Vellmar GER"]
[Date "2019.07.05"]
[Round "2.18"]
[White "Kersten,U"]
[Black "Wecke,T"]
[Result "1-0"]
[WhiteTitle "FM"]
[WhiteElo "2248"]
[BlackElo "1901"]
[WhiteFideId "4615646"]
[BlackFideId "24600342"]
[EventDate "2019.07.04"]

1. d4 d6 2. e4 Nf6 3. Nc3 c6 4. f4 Qa5 5. Bd3 e5 6. Nf3 Bg4 7. Be3 Be7 8. O-O
O-O 9. h3 Bxf3 10. Qxf3 exd4 11. Bxd4 Nbd7 12. a3 a6 13. Rae1 c5 14. Bf2 b5 15.
e5 1-0

[Event "11th Vellmar Open 2019"]
[Site "Vellmar GER"]
[Date "2019.07.05"]
[Round "2.19"]
[White "Frohberg,M"]
[Black "Nielsen,Michael Volstrup"]
[Result "1/2-1/2"]
[WhiteElo "2227"]
[BlackElo "1912"]
[WhiteFideId "4639308"]
[BlackFideId "1454749"]
[EventDate "2019.07.04"]

1. Nf3 d6 2. d4 Nf6 3. g3 Bg4 4. Bg2 c6 5. a4 a5 6. Nbd2 Na6 7. h3 Bf5 8. g4 Bg6
9. Nh4 d5 10. Nxg6 hxg6 11. e4 e6 12. exd5 exd5 13. O-O Bd6 14. Re1+ Kf8 15. Nf3
Nd7 16. Ne5 Nxe5 17. dxe5 Bc5 18. Be3 Bxe3 19. Rxe3 Nc5 20. Qd2 Qb6 21. b3 Ne6 1/2-1/2

[Event "11th Vellmar Open 2019"]
[Site "Vellmar GER"]
[Date "2019.07.05"]
[Round "2.21"]
[White "Gramb,Marius"]
[Black "Kanbach,Mike"]
[Result "1/2-1/2"]
[WhiteElo "2164"]
[BlackElo "1826"]
[WhiteFideId "24656593"]
[BlackFideId "12974536"]
[EventDate "2019.07.04"]

1. d4 e6 2. c4 Bb4+ 3. Bd2 a5 4. g3 Nf6 5. Bg2 d6 6. Nf3 Nc6 7. O-O Bxd2 8. Qxd2
Ne4 9. Qe3 f5 10. Nfd2 Nxd2 11. Nxd2 Nb4 12. Qc3 Qf6 13. Nb3 a4 14. Qxb4 axb3
15. Bxb7 Bxb7 16. Qb5+ Kf7 17. Qxb7 Qxd4 18. axb3 Rac8 19. Ra7 Kg6 20. e3 Qc5
21. Rfa1 Rb8 22. Qxc7 Qxc7 23. Rxc7 Rxb3 24. Raa7 Rg8 25. Rab7 Rxb7 26. Rxb7 Rc8
27. b3 Kf6 28. Rb6 Ke7 29. h4 g6 30. Kf1 Rc7 31. Ke2 e5 32. Kd3 Ra7 33. Kc3 Ra2
34. Rb7+ Kf6 35. Rxh7 Rxf2 36. b4 Rf3 37. Kd2 Rxg3 38. b5 Rg2+ 39. Kc3 Rg3 40.
Kd2 f4 41. exf4 exf4 42. Rh8 Rb3 43. Kc2 Rb4 44. Rf8+ Ke5 45. Kc3 Rb1 46. Kd3
Rb3+ 47. Kc2 Rb4 48. Kc3 1/2-1/2

[Event "11th Vellmar Open 2019"]
[Site "Vellmar GER"]
[Date "2019.07.05"]
[Round "2.22"]
[White "Hahn,F"]
[Black "Poschadel,Andreas Gregor"]
[Result "1/2-1/2"]
[WhiteElo "2138"]
[BlackElo "1809"]
[WhiteFideId "24659720"]
[BlackFideId "16204948"]
[EventDate "2019.07.04"]

1. Nf3 d5 2. g3 Bg4 3. Bg2 c6 4. O-O Nd7 5. b3 e6 6. Bb2 Ngf6 7. c4 Be7 8. d3
O-O 9. Nbd2 Bxf3 10. Nxf3 Bd6 11. a3 a5 12. Qc2 e5 13. e3 Re8 14. Rfd1 Rc8 15.
Bc3 b5 16. Bb2 Qe7 17. Rdc1 Rc7 18. Nd2 Rec8 19. Bh3 b4 20. axb4 axb4 21. Ra5
Bc5 22. Rca1 Bb6 23. Ra6 d4 24. Rxb6 dxe3 25. Rba6 exd2 26. Qxd2 Rd8 27. Ra8
Rcc8 28. Rxc8 Rxc8 29. d4 exd4 30. Qxd4 c5 31. Qd2 Rd8 32. Rd1 Ne4 33. Qd3 Ng5
34. Bxd7 Nh3+ 35. Kg2 Ng5 36. Qe3 Ne6 37. Qf3 Rxd7 38. Qa8+ Rd8 39. Qf3 1/2-1/2

[Event "11th Vellmar Open 2019"]
[Site "Vellmar GER"]
[Date "2019.07.05"]
[Round "2.23"]
[White "Reinhardt,Johannes"]
[Black "Lesny,Florian"]
[Result "1/2-1/2"]
[WhiteElo "1838"]
[BlackElo "2034"]
[WhiteFideId "12928283"]
[BlackFideId "12973874"]
[EventDate "2019.07.04"]

1. e4 c5 2. c4 Nc6 3. Nc3 g6 4. g3 Bg7 5. Bg2 e6 6. Nge2 Nge7 7. d3 d6 8. O-O
O-O 9. a3 b6 10. Rb1 Bb7 11. b4 Qd7 12. b5 Nd4 13. Bb2 Rad8 14. Re1 d5 15. exd5
exd5 16. Nxd4 cxd4 17. Nxd5 Nxd5 18. cxd5 Bxd5 19. Bxd5 Qxd5 20. Re7 Rd7 21.
Rxd7 Qxd7 22. a4 Re8 23. Rc1 h5 24. Qf3 Re6 25. Kg2 Qd8 26. h4 Qd7 27. Ba3 Bf8
28. Bxf8 Kxf8 29. Qa8+ 1/2-1/2

[Event "11th Vellmar Open 2019"]
[Site "Vellmar GER"]
[Date "2019.07.05"]
[Round "2.24"]
[White "Schmid,Anton"]
[Black "Decker,N"]
[Result "1-0"]
[WhiteElo "1738"]
[BlackElo "2038"]
[WhiteFideId "12910783"]
[BlackFideId "4699670"]
[EventDate "2019.07.04"]

1. d4 g6 2. c4 Bg7 3. Nc3 d6 4. Bg5 c5 5. dxc5 Bxc3+ 6. bxc3 Qa5 7. Nf3 f6 8.
Be3 dxc5 9. g3 Bd7 10. Bg2 Qxc3+ 11. Nd2 Bc6 12. O-O Bxg2 13. Kxg2 b6 14. Qa4+
Nd7 15. Rad1 Qe5 16. Qc6 Qb8 17. Ne4 Qc8 18. Qe6 Qb7 19. f3 O-O-O 20. Nxc5 Qc7
21. Na6 Qb7 22. c5 Qxa6 23. c6 Kb8 24. Rxd7 Rxd7 25. cxd7 Nh6 26. Bf4+ Ka8 27.
Qd5+ Qb7 28. d8=Q+ 1-0

[Event "11th Vellmar Open 2019"]
[Site "Vellmar GER"]
[Date "2019.07.05"]
[Round "2.25"]
[White "Maar,Samuel"]
[Black "Thomas,Jeremy"]
[Result "1-0"]
[WhiteElo "1998"]
[BlackElo "1717"]
[WhiteFideId "12952591"]
[BlackFideId "16214641"]
[EventDate "2019.07.04"]

1. e4 c5 2. Nf3 d6 3. d4 cxd4 4. Nxd4 Nf6 5. Nc3 a6 6. Be2 e5 7. Nf3 Be7 8. O-O
O-O 9. Bg5 Be6 10. Qd2 Nbd7 11. h3 Rc8 12. Rad1 Qb6 13. Qc1 Qc7 14. Ne1 Rfd8 15.
Nd3 Nc5 16. Bxf6 Bxf6 17. Nb4 Nd7 18. Ncd5 Bxd5 19. Nxd5 Qxc2 20. Qe3 Qxb2 21.
Bg4 Rb8 22. Qa7 Ra8 23. Qe3 Rab8 24. Qg3 Kh8 25. Bxd7 Rxd7 26. Nxf6 gxf6 27. Qh4
Qxa2 28. Qxf6+ Kg8 29. Rd3 Rbd8 30. Qh6 f5 31. Rg3+ Kf7 32. Qxh7+ 1-0

[Event "11th Vellmar Open 2019"]
[Site "Vellmar GER"]
[Date "2019.07.05"]
[Round "2.26"]
[White "Pfitzenreuter,G"]
[Black "Bieler,Janek"]
[Result "1-0"]
[WhiteElo "2049"]
[BlackElo "1725"]
[WhiteFideId "4672380"]
[BlackFideId "16214633"]
[EventDate "2019.07.04"]

1. d4 Nf6 2. c4 c5 3. d5 b5 4. a4 b4 5. Nd2 g6 6. e4 d6 7. Bd3 Bg7 8. Ne2 O-O 9.
O-O Nbd7 10. f4 e6 11. dxe6 fxe6 12. Nf3 Bb7 13. Ng5 Qe7 14. f5 exf5 15. exf5
Ne5 16. Ne6 Rfe8 17. Nxg7 Qxg7 18. Ng3 Nxd3 19. Qxd3 Ne4 20. f6 Nxf6 21. Qxd6
Nd7 22. Bg5 Rac8 23. Rad1 Nb6 24. b3 Qc7 25. a5 Qxd6 26. Rxd6 Na8 27. Rd7 Bc6
28. Rxa7 Nc7 29. Bf4 Ne6 30. Be5 Nd8 31. Rg7+ Kh8 32. Rxg6+ 1-0

[Event "11th Vellmar Open 2019"]
[Site "Vellmar GER"]
[Date "2019.07.05"]
[Round "2.27"]
[White "Toepfer,Albrecht"]
[Black "Fromm,Nick"]
[Result "1-0"]
[WhiteElo "2043"]
[BlackElo "1694"]
[WhiteFideId "12924067"]
[BlackFideId "12958026"]
[EventDate "2019.07.04"]

1. Nf3 d5 2. c4 d4 3. b4 c5 4. g3 Nf6 5. Bg2 cxb4 6. a3 bxa3 7. Bxa3 g6 8. d3
Nc6 9. Qa4 Bd7 10. Nbd2 Bg7 11. O-O O-O 12. Rfb1 Qc7 13. Bb2 e5 14. Qa2 b6 15.
Ba3 Rfe8 16. Ng5 Bg4 17. Nde4 h6 18. Nxf6+ Bxf6 19. Ne4 Be7 20. h3 Bf5 21. Nd2
Bxa3 22. Qxa3 a5 23. g4 Bd7 24. Ne4 Kg7 25. Nd6 Reb8 26. Nb5 Qc8 27. Qd6 f6 28.
Rf1 h5 29. f4 hxg4 30. fxe5 gxh3 31. Qxf6+ Kh7 32. Be4 Be8 33. Rf4 h2+ 34. Kxh2
Kg8 35. Bd5+ Kh7 36. Rh4# 1-0

[Event "11th Vellmar Open 2019"]
[Site "Vellmar GER"]
[Date "2019.07.05"]
[Round "2.28"]
[White "Simukov,Erik"]
[Black "Muenk,Johannes"]
[Result "1-0"]
[WhiteElo "1893"]
[BlackElo "1685"]
[WhiteFideId "12995380"]
[BlackFideId "16241983"]
[EventDate "2019.07.04"]

1. e4 c5 2. Nf3 Nc6 3. d4 cxd4 4. Nxd4 Nf6 5. Nc3 e5 6. Ndb5 d6 7. Nd5 Nxd5 8.
exd5 Nb8 9. a4 a6 10. Na3 Be7 11. Bd2 O-O 12. Nc4 Nd7 13. a5 b5 14. axb6 Nxb6
15. Ba5 Rb8 16. Ra3 Nxc4 17. Bxd8 Nxb2 18. Qc1 Bxd8 19. Ra2 Bf5 20. Rxb2 Ba5+
21. Kd1 Bc3 22. Rxb8 Rxb8 23. f3 a5 24. Bd3 Bxd3 25. cxd3 Bd4 26. Qc7 Rb1+ 27.
Kc2 Rb2+ 28. Kc1 g6 29. Qxa5 Rb6 30. Re1 Kg7 31. Re4 Bc5 32. Rc4 Be3+ 33. Kc2
Rb7 34. Rc7 Bb6 35. Rxb7 Bxa5 36. Kb3 Kf8 37. Rd7 h5 38. Ka4 Ke8 39. Rxd6 Ke7
40. Rc6 Bd8 41. Kb5 f6 42. d6+ Kd7 43. Ra6 f5 44. Kc5 g5 45. Ra7+ Ke8 46. Kd5 e4
47. dxe4 1-0

[Event "11th Vellmar Open 2019"]
[Site "Vellmar GER"]
[Date "2019.07.05"]
[Round "2.29"]
[White "Krueger,N"]
[Black "Kotliarevski,Dennis"]
[Result "1-0"]
[WhiteElo "1958"]
[BlackElo "1624"]
[WhiteFideId "4633245"]
[BlackFideId "12995371"]
[EventDate "2019.07.04"]

1. e4 c5 2. c3 d5 3. exd5 Qxd5 4. d4 Nf6 5. Nf3 Bg4 6. Be2 e6 7. h3 Bh5 8. O-O
Be7 9. Be3 cxd4 10. cxd4 O-O 11. Nc3 Qd6 12. a3 a6 13. b4 b5 14. Qb3 Nbd7 15.
Rac1 Rac8 16. Rfd1 Nb6 17. g4 Bg6 18. Ne5 Nfd5 19. Nxg6 hxg6 20. Ne4 Qb8 21. Nc5
Nxe3 22. Qxe3 Nd5 23. Qf3 Bxc5 24. dxc5 Qf4 25. Qxf4 Nxf4 26. Bf3 Rfd8 27. h4
Nd5 28. Rd4 Rc7 29. Rcd1 Rcd7 30. Kf1 Kf8 31. Bxd5 Rxd5 32. Rxd5 exd5 33. Ke2
Ke7 34. Kd3 Kd7 35. Re1 Kc6 36. Re7 Rd7 37. Rxd7 Kxd7 38. Kd4 Ke6 39. f4 f6 40.
f5+ gxf5 41. gxf5+ Ke7 42. Kxd5 Kd7 43. h5 Kd8 44. Kd6 Kc8 45. Ke7 Kc7 46. Kf7
Kd7 47. Kxg7 Ke7 48. h6 Kd8 1-0

[Event "11th Vellmar Open 2019"]
[Site "Vellmar GER"]
[Date "2019.07.05"]
[Round "2.31"]
[White "Jensen,JB"]
[Black "Schulze,Nick"]
[Result "1-0"]
[WhiteElo "2173"]
[BlackElo "1775"]
[WhiteFideId "1401513"]
[BlackFideId "16212312"]
[EventDate "2019.07.04"]

1. d4 Nf6 2. c4 e6 3. Nc3 c5 4. d5 exd5 5. cxd5 d6 6. e4 g6 7. f4 Bg7 8. Bb5+
Nfd7 9. a4 Qh4+ 10. g3 Qe7 11. Nf3 Bxc3+ 12. bxc3 Qxe4+ 13. Kf2 O-O 14. Re1 Qf5
15. Bd3 Qh5 16. c4 Nf6 17. Bb2 Ng4+ 18. Kg2 f5 19. Qd2 Nd7 20. Qc3 Ngf6 21. Ng5
Nb6 22. Re8 Nbd7 23. Rae1 Qh6 24. R1e7 b5 25. axb5 Rxe8 26. Rxe8+ Kg7 27. Qe1 1-0

[Event "11th Vellmar Open 2019"]
[Site "Vellmar GER"]
[Date "2019.07.05"]
[Round "2.32"]
[White "Rehbein,U"]
[Black "Fuss,Jean-Pierre"]
[Result "1/2-1/2"]
[WhiteElo "1774"]
[BlackElo "1957"]
[WhiteFideId "4681037"]
[BlackFideId "16232240"]
[EventDate "2019.07.04"]

1. Nf3 Nf6 2. g3 g6 3. Bg2 Bg7 4. O-O O-O 5. c4 c6 6. Nc3 d5 7. d4 Ne4 8. e3
Nxc3 9. bxc3 dxc4 10. a4 Bf5 11. a5 Nd7 12. Re1 b5 13. Nh4 Rc8 14. Nxf5 gxf5 15.
e4 e5 16. Be3 exd4 17. Bxd4 Bxd4 18. Qxd4 Nf6 19. Qxa7 Qd3 20. Re3 Qd2 21. h3
Nd7 22. exf5 Rfe8 23. Rxe8+ Rxe8 24. Bxc6 Qxc3 25. Rd1 Re1+ 26. Rxe1 Qxe1+ 27.
Kg2 Ne5 28. Qb8+ Kg7 29. Qxb5 c3 30. Qc5 Nxc6 31. Qxc6 Qd2 32. a6 c2 33. a7 c1=Q
34. Qxc1 Qxc1 35. a8=Q Qg5 36. Qd5 h5 37. f4 Qh6 38. Qe5+ Kh7 39. Qe7 Qc6+ 40.
Kf2 Qc2+ 1/2-1/2

[Event "11th Vellmar Open 2019"]
[Site "Vellmar GER"]
[Date "2019.07.05"]
[Round "2.33"]
[White "Koronowski,Heinz-Juergen"]
[Black "Powalla,K"]
[Result "0-1"]
[WhiteElo "1758"]
[BlackElo "1944"]
[WhiteFideId "12943762"]
[BlackFideId "24650668"]
[EventDate "2019.07.04"]

1. e4 e5 2. Nf3 Nc6 3. d4 d6 4. dxe5 Nxe5 5. Nxe5 dxe5 6. Qxd8+ Kxd8 7. Bc4 f6
8. Be3 Bd6 9. O-O b6 10. Nc3 c6 11. Rad1 Kc7 12. Rd3 Ne7 13. Rfd1 Rd8 14. a3 Ng6
15. Ne2 Nf8 16. Ng3 g6 17. b4 Be6 18. Bxe6 Nxe6 19. Ne2 Be7 20. c3 a5 21. Rxd8
Bxd8 22. Bc1 Be7 23. g3 c5 24. bxc5 Nxc5 25. f3 Rd8 26. Rxd8 Kxd8 27. Be3 Kc7
28. c4 Na4 29. Kf1 Bxa3 30. Ke1 Nb2 0-1

[Event "11th Vellmar Open 2019"]
[Site "Vellmar GER"]
[Date "2019.07.05"]
[Round "2.34"]
[White "Thomasson,S"]
[Black "Daday,Csaba"]
[Result "1/2-1/2"]
[WhiteElo "1876"]
[BlackElo "1688"]
[WhiteFideId "1706284"]
[BlackFideId "1231995"]
[EventDate "2019.07.04"]

1. c4 Nf6 2. g3 c6 3. Bg2 d5 4. b3 e5 5. Bb2 Bd6 6. cxd5 cxd5 7. Nc3 Be6 8. Nf3
Nc6 9. Ng5 Bd7 10. O-O h6 11. Nf3 O-O 12. Rc1 Rc8 13. Nb5 Bb8 14. d4 e4 15. Ne5
Nxe5 16. dxe5 Rxc1 17. Qxc1 Bxe5 18. Bxe5 Bxb5 19. Qb2 Qe7 20. Rc1 Bc6 21. Bd4
Ra8 22. Bh3 a6 23. a4 Re8 24. a5 1/2-1/2

[Event "11th Vellmar Open 2019"]
[Site "Vellmar GER"]
[Date "2019.07.05"]
[Round "2.35"]
[White "Ruhl,Moritz"]
[Black "Wurst,Maximilian"]
[Result "1/2-1/2"]
[WhiteElo "1890"]
[BlackElo "1704"]
[WhiteFideId "12960179"]
[BlackFideId "16263740"]
[EventDate "2019.07.04"]

1. d4 Nf6 2. c4 e6 3. Nc3 Bb4 4. Bd2 O-O 5. Nf3 d5 6. Qb3 c5 7. a3 Bxc3 8. bxc3
Nc6 9. cxd5 exd5 10. dxc5 Qa5 11. e3 Qxc5 12. Bd3 Bg4 13. O-O Ne4 14. Ra2 Bxf3
15. gxf3 Ng5 16. f4 Ne4 17. c4 Nxd2 18. Rxd2 d4 19. Be4 dxe3 20. fxe3 Na5 21.
Qc3 Nxc4 22. Rd4 Rac8 23. Bxb7 Rc7 24. Rc1 Rxb7 25. Rxc4 Qf5 26. Rc8 Rb1 27.
Rxf8+ Kxf8 28. Rxb1 Qxb1+ 29. Kf2 Qa2+ 1/2-1/2

[Event "11th Vellmar Open 2019"]
[Site "Vellmar GER"]
[Date "2019.07.05"]
[Round "2.36"]
[White "Plaza Reino,Mercedes"]
[Black "Michels,Fabio"]
[Result "1/2-1/2"]
[WhiteElo "1897"]
[BlackElo "1720"]
[WhiteFideId "24511951"]
[BlackFideId "16223780"]
[EventDate "2019.07.04"]

1. d4 Nf6 2. c4 c5 3. d5 b5 4. cxb5 a6 5. bxa6 g6 6. Nc3 Bxa6 7. e4 Bxf1 8. Kxf1
d6 9. g3 Bg7 10. Nf3 Nbd7 11. Kg2 O-O 12. a4 Qb6 13. Qe2 Qb4 14. Ra3 Nb6 15. Qc2
Rfb8 16. Rb3 Qa5 17. Rb5 Qa6 18. b4 cxb4 19. Rxb4 Rc8 20. Qb3 Rxc3 21. Qxc3
Nfxd5 22. Qd2 Nxb4 23. Qxb4 Nxa4 24. Bg5 Qa7 25. Rb1 Nc5 26. Be3 Rc8 27. Rc1 Rb8
28. Bxc5 dxc5 29. Qxc5 Qxc5 30. Rxc5 h6 1/2-1/2

[Event "11th Vellmar Open 2019"]
[Site "Vellmar GER"]
[Date "2019.07.05"]
[Round "2.37"]
[White "Kuschel,Heidi"]
[Black "Wuestehube,H"]
[Result "1/2-1/2"]
[WhiteElo "1736"]
[BlackElo "1887"]
[WhiteFideId "12974587"]
[BlackFideId "24614084"]
[EventDate "2019.07.04"]

1. Nf3 b6 2. g3 Bb7 3. Bg2 e6 4. O-O Nf6 5. b3 Be7 6. Bb2 O-O 7. c4 d6 8. Qc2 c5
9. Re1 Qc7 10. d3 Nc6 11. Nbd2 h6 12. e4 Nd7 13. Re2 Bf6 14. a3 Bxb2 15. Qxb2 e5
16. Nh4 Nd4 1/2-1/2

[Event "11th Vellmar Open 2019"]
[Site "Vellmar GER"]
[Date "2019.07.05"]
[Round "2.38"]
[White "Niedenthal,R"]
[Black "Tietze,M"]
[Result "0-1"]
[WhiteElo "1682"]
[BlackElo "1867"]
[WhiteFideId "24627216"]
[BlackFideId "4676335"]
[EventDate "2019.07.04"]

1. c4 b6 2. d4 f5 3. Nc3 Nf6 4. g3 Bb7 5. d5 e6 6. Bg2 Bb4 7. Bg5 Bxc3+ 8. bxc3
O-O 9. Nh3 e5 10. O-O d6 11. Qc2 Bc8 12. f4 e4 13. Nf2 Na6 14. Nd1 Nc5 15. Ne3
Qe8 16. h3 Bd7 17. Kh2 Qh5 18. Kg1 Rae8 19. Kf2 h6 20. Bxf6 Rxf6 21. Rh1 Rff8
22. a4 a5 23. h4 Re7 24. Kg1 Qe8 25. Bh3 h5 26. Kg2 g6 27. Ra3 Nxa4 28. Qd2 Qf7
29. Rf1 Nc5 30. Qd1 Qf6 31. Nc2 Ba4 32. Qb1 Bxc2 33. Qxc2 Ree8 34. Qd2 Ra8 35.
Qd4 Kf7 36. Qxf6+ Kxf6 37. Kf2 e3+ 38. Kxe3 Rfe8+ 39. Kf3 Re4 40. Rd1 Rae8 41.
Rd2 Re3+ 42. Kf2 Rxc3 43. Rda2 Ree3 44. Rxc3 Rxc3 45. Bg2 Rxc4 46. Ke3 Rc3+ 47.
Kf2 a4 48. Bf3 b5 49. Ke1 b4 50. Kd2 Nb3+ 51. Ke1 a3 52. Kf2 Nc1 53. Ra1 a2 54.
Ke1 b3 0-1

[Event "11th Vellmar Open 2019"]
[Site "Vellmar GER"]
[Date "2019.07.05"]
[Round "2.39"]
[White "Moeckel,Jens"]
[Black "Kroemer,Alexander"]
[Result "1-0"]
[WhiteElo "1859"]
[BlackElo "1641"]
[WhiteFideId "16202830"]
[BlackFideId "12974676"]
[EventDate "2019.07.04"]

1. d4 Nf6 2. c4 e6 3. Nf3 Bb4+ 4. Bd2 Bxd2+ 5. Qxd2 d5 6. Nc3 O-O 7. Qg5 Ne4 8.
Qxd8 Rxd8 9. cxd5 exd5 10. e3 Nxc3 11. bxc3 Nc6 12. h3 Kf8 13. Bd3 h6 14. Rb1
Rb8 15. Kd2 Be6 16. g4 a6 17. Nh4 Na5 18. f4 Nc4+ 19. Bxc4 dxc4 20. e4 b5 21. f5
Bc8 22. Ke3 a5 23. a3 c5 24. Nf3 b4 25. axb4 cxb4 26. Ne5 Ba6 27. Nc6 b3 28.
Nxd8 Bb5 29. Ra1 a4 30. Nxf7 Kxf7 31. Rh2 Be8 32. Rb2 h5 33. Kf4 hxg4 34. Kxg4
Ra8 35. Ra3 g6 36. fxg6+ Kxg6 37. Kf4 Kf6 38. d5 Ra5 39. h4 Bg6 40. e5+ Ke7 41.
Kg5 Bf7 42. d6+ Ke6 43. d7 Kxd7 44. Kf6 Ke8 45. h5 Bxh5 46. Rh2 Bg4 47. e6 Kd8
48. e7+ Kc7 1-0

[Event "11th Vellmar Open 2019"]
[Site "Vellmar GER"]
[Date "2019.07.05"]
[Round "2.40"]
[White "Ullmann,Ralf"]
[Black "Kanbach,Moritz"]
[Result "0-1"]
[WhiteElo "1830"]
[BlackElo "1647"]
[WhiteFideId "1271401"]
[BlackFideId "12981214"]
[EventDate "2019.07.04"]

1. e4 e5 2. Nf3 Nc6 3. Bc4 Bc5 4. c3 Nf6 5. d4 exd4 6. e5 Ne4 7. cxd4 Bb4+ 8.
Bd2 Nxd2 9. Nbxd2 d5 10. Bb5 Bd7 11. Bxc6 Bxc6 12. O-O Bxd2 13. Qxd2 O-O 14.
Rac1 Bb5 15. Rfe1 c6 16. Rc3 Re8 17. Qf4 h6 18. Qg4 Re6 19. h4 Rg6 20. Qh3 Qc8
21. Qh2 Qf5 22. Nd2 Rg4 23. Rce3 Rxd4 24. Nf1 Bxf1 25. Kxf1 Qh5 26. Rh3 Rd1 27.
Qf4 Rxe1+ 28. Kxe1 Re8 29. Re3 Qg6 30. Kf1 Qb1+ 31. Re1 Qxb2 32. Qf5 Re6 33. g3
Qxa2 34. Re3 Qc4+ 35. Kg2 d4 36. Rf3 Re8 37. Qd7 Qe6 38. Qxb7 Re7 39. Qa8+ Kh7
40. Rd3 Qxe5 41. Qxc6 Qe4+ 42. Qxe4+ Rxe4 43. Ra3 Re7 44. Rd3 Rd7 45. Kf3 f6 46.
Ke2 Kg6 47. Kd2 Kf5 48. f3 g5 49. hxg5 hxg5 50. Ra3 d3 51. Ra5+ Kg6 52. Ra6 Kf7
53. Ra5 Kg6 54. Ra6 g4 55. f4 Rb7 56. Kxd3 Rb3+ 57. Ke4 Rxg3 58. Rxa7 f5+ 59.
Kd4 Rf3 60. Ra6+ Kh5 61. Ke5 g3 62. Kxf5 g2 63. Ra8 Kh4 64. Rh8+ Kg3 65. Rg8+
Kf2 66. Rxg2+ Kxg2 67. Ke5 Kg3 68. f5 Kg4 69. f6 Kg5 0-1